Загрузка...

Psychological effects of music

Библиографические подробности
Главный автор: Arjuna Kumar Mishra
Формат: Printed Book
Опубликовано: Delhi Venus 2019
Предметы:
LEADER 00471nam a22001457a 4500
020 |a 9789387851481 
082 |a 781.11  |b ARJ/P 
100 |a Arjuna Kumar Mishra 
245 |a  Psychological effects of music 
260 |a Delhi   |b Venus  |c 2019 
300 |a 268p. 
650 |a Music--Psychological aspects 
942 |c BK 
999 |c 59543  |d 59543 
952 |0 0  |1 0  |4 0  |6 781_110000000000000_ARJ_P  |7 0  |9 66666  |a KUCL  |c Stack  |d 2020-10-28  |g 1750.00  |l 0  |o 781.11 ARJ/P  |p 51649  |r 2020-10-28  |w 2020-10-28  |y BK